Loading...
A thingf of beuty:slections from English poetry
| Format: | Printed Book |
|---|---|
| Published: |
Hyderabad
Orient Longman
2001
|
| Subjects: |
| LEADER | 00450nam a22001337a 4500 | ||
|---|---|---|---|
| 020 | |a 9788125016250 | ||
| 082 | |a 821.91 |b SEL | ||
| 245 | |a A thingf of beuty:slections from English poetry | ||
| 260 | |a Hyderabad |b Orient Longman |c 2001 | ||
| 300 | |a 60p. | ||
| 650 | |a English poetry | ||
| 942 | |c BK | ||
| 999 | |c 39222 |d 39222 | ||
| 952 | |0 0 |1 0 |4 0 |6 821_910000000000000_SEL |7 0 |8 Stack |9 41702 |a KUCL |b KUCL |c Stack |d 2016-04-20 |g 85.00 |l 0 |o 821.91 SEL |p 40371 |r 2016-04-20 |w 2016-04-20 |y BK | ||